Sari-Sari (Record no. 154801)

MARC details
000 -LEADER
campo de control de longitud fija 00655nam a22001815i 4500
001 - NÚMERO DE CONTROL
campo de control 154801
003 - IDENTIFICADOR DE NÚMERO DE CONTROL
campo de control ES-MaACL
005 - FECHA Y HORA DE LA ÚLTIMA TRANSACCIÓN
campo de control 20230906205846.0
008 - DATOS DE LONGITUD FIJA--INFORMACIÓN GENERAL
campo de control de longitud fija 010613s1898 phl |||| | spa d
040 ## - FUENTE DE CATALOGACIÓN
Centro catalogador/agencia de origen CCPB | B
Lengua de catalogación spa
Centro/agencia transcriptor CCPB | B
100 1# - ENTRADA PRINCIPAL--NOMBRE DE PERSONA
Nombre de persona Groizard, Pedro.
9 (RLIN) 127567
245 10 - MENCIÓN DEL TÍTULO
Título Sari-Sari
Resto del título : quisicosas filipinas /
Mención de responsabilidad, etc. Pedro Groizard ; con un reclamo de Ricardo G. Mercet.
260 ## - PUBLICACIÓN, DISTRIBUCIÓN, ETC.
Lugar de publicación, distribución, etc. Manila :
Nombre del editor, distribuidor, etc. [s.n.],
Fecha de publicación, distribución, etc. 1898 (
Fabricante imp. de "La Oceanía Española")
300 ## - DESCRIPCIÓN FÍSICA
Extensión 301 p. ;
Dimensiones 19 cm.
700 11 - ENTRADA AGREGADA--NOMBRE PERSONAL
Nombre de persona Mercet, Ricardo G.,
Término indicativo de función/relación
9 (RLIN) 129848
752 ## - ENTRADA AGREGADA--NOMBRE JERÁRQUICO DEL LUGAR
País o entidad superior Filipinas -
Ciudad Manila
852 ## - LOCALIZACIÓN
Ubicación ES-MaACL
Número de control de estantería G-11664
Nota libre -- Enc. hol.
Encuadernación -- Edic: Este ejemp. tiene 314 p.
Holdings
Estatus retirado Estado de pérdida Estado de daño No para préstamo Colección Biblioteca de origen Biblioteca actual Ubicación en estantería Fecha de adquisición Fuente de adquisición Total de préstamos Signatura topográfica completa Código de barras Visto por última vez Precio de reemplazo Tipo de ítem Koha
        Libros del s. XIX Biblioteca del Ateneo de Madrid Biblioteca del Ateneo de Madrid Sala Pecera Planta 3 17/01/2008     G-11664 1161913 23/02/2023 23/02/2023 Libro impreso antiguo